Top 5 Biggest Cities in Argentina by Population - Statistics

General Stats
  • This quiz has been taken 21 times
  • The average score is 4 of 5
Answer Stats
Population City % Correct
15.9m Buenos Aires
100%
1.7m Córdoba
94%
1.6m Rosario
83%
1.3m Mendoza
72%
1.0m San Miguel de Tucumán
33%
No matching quizzes found
Score Distribution
Percent of People with Each Score
Percentile by Number Answered
Your Score History
You have not taken this quiz